[Event "Wch U10 Girls blitz"]
[Site "Batumi"]
[Date "2023.06.11"]
[Round "8"]
[White "Zavivaeva, Angelina"]
[Black "Zavivaeva, Kristina"]
[Result "0-1"]
[WhiteElo "1108"]
[BlackElo "1275"]
[PlyCount "49"]
[EventDate "2023.06.10"]
[EventType "swiss (blitz)"]
[EventRounds "11"]
[EventCountry "GEO"]
[SourceTitle "EXT 2024"]
[Source "ChessBase"]
[SourceDate "2023.10.10"]
[SourceVersion "1"]
[SourceVersionDate "2023.10.10"]
[SourceQuality "1"]
[WhiteTeam "FIDE"]
[BlackTeam "FIDE"]

1. e4 c5 2. Nf3 d6 3. d4 cxd4 4. Nxd4 Nf6 5. Nc3 a6 6. f3 e5 7. Nb3 Be7 8. Be3 Be6 9. Qd2 Nbd7 10. g4 0-0 11. 0-0-0 b5 12. Qf2 Rb8 13. h4 Nb6 14. Kb1 Nc4 15. Bc1 a5 16. Nd2 Nxd2+ 17. Bxd2 b4 18. Nb5 Bd7 19. Na7 a4 20. h5 b3 21. g5 bxc2+ 22. Kxc2 Qc7+ 23. Kb1 Ne8 24. Be3 Qb7 25. Bd3 0-1

[Event "Wch U10 Girls blitz"]
[Site "Batumi"]
[Date "2023.06.10"]
[Round "3"]
[White "Zavivaeva, Kristina"]
[Black "Milner, Romi"]
[Result "1-0"]
[WhiteElo "1275"]
[BlackElo "1693"]
[PlyCount "145"]
[EventDate "2023.06.10"]
[EventType "swiss (blitz)"]
[EventRounds "11"]
[EventCountry "GEO"]
[SourceTitle "EXT 2024"]
[Source "ChessBase"]
[SourceDate "2023.10.10"]
[SourceVersion "1"]
[SourceVersionDate "2023.10.10"]
[SourceQuality "1"]
[WhiteTeam "FIDE"]
[BlackTeam "United States"]
[BlackTeamCountry "USA"]

1. e4 e5 2. Nf3 Nc6 3. Bc4 Bc5 4. c3 Nf6 5. d3 h6 6. Nbd2 d6 7. h3 0-0 8. 0-0 Be6 9. Bb3 d5 10. exd5 Nxd5 11. Ne4 Bb6 12. Re1 Nf4 13. Bxf4 exf4 14. d4 Bf5 15. Qd2 Be6 16. Qxf4 Bxb3 17. axb3 a6 18. Rad1 Ne7 19. Nc5 Nd5 20. Qd2 Bxc5 21. dxc5 c6 22. c4 Nf6 23. Qxd8 Raxd8 24. Rxd8 Rxd8 25. Re7 Rd1+ 26. Kh2 Rb1 27. Rxb7 Rxb2 28. Ne5 a5 29. Rb8+ Kh7 30. Nxf7 a4 31. b4 a3 32. Ra8 Rxb4 33. Rh8+ Kg6 34. Ne5+ Kf5 35. Nxc6 Rxc4 36. Ra8 Rxc5 37. Nd4+ Ke4 38. Ne6 Rc2 39. f3+ Ke5 40. Nxg7 a2 41. Ra5+ Kd6 42. Nf5+ Kd7 43. Nd4 Rd2 44. Nb3 Rb2 45. Nd4 Rd2 46. Nb3 Rb2 47. Nc1 Kd6 48. Ra6+ Ke7 49. Ra7+ Ke6 50. Rxa2 Rb1 51. Nd3 Rb3 52. Nc5+ Ke7 53. Nxb3 Kd6 54. Ra6+ Ke5 55. f4+ Kf5 56. Nd4+ Kg6 57. f5+ Kf7 58. Rxf6+ Kxf6 59. g4 Ke5 60. Kg3 Kxd4 61. f6 Ke5 62. f7 Ke6 63. f8Q Ke5 64. Qd8 Ke6 65. Qd4 Ke7 66. Qd5 Kf6 67. Qe4 Kf7 68. Qe5 Kf8 69. Qe6 Kg7 70. Kf4 Kf8 71. Kf5 Kg7 72. Qe7+ Kg8 73. Kg6 1-0

[Event "Wch U10 Girls rapid"]
[Site "Batumi"]
[Date "2023.06.06"]
[Round "2"]
[White "Chiokadze, Barbare"]
[Black "Zavivaeva, Kristina"]
[Result "0-1"]
[WhiteElo "1114"]
[BlackElo "1407"]
[PlyCount "134"]
[EventDate "2023.06.06"]
[EventType "swiss (rapid)"]
[EventRounds "11"]
[EventCountry "GEO"]
[SourceTitle "EXT 2024"]
[Source "ChessBase"]
[SourceDate "2023.10.10"]
[SourceVersion "1"]
[SourceVersionDate "2023.10.10"]
[SourceQuality "1"]
[WhiteTeam "Georgia"]
[BlackTeam "FIDE"]
[WhiteTeamCountry "GEO"]

1. d4 Nf6 2. c4 c5 3. d5 b5 4. cxb5 a6 5. b6 d6 6. Nc3 Qxb6 7. Nf3 g6 8. e4 Bg7 9. Bd3 0-0 10. 0-0 Bg4 11. h3 Bxf3 12. Qxf3 Nbd7 13. Qe2 Rfb8 14. Rb1 Ne5 15. Be3 Nxd3 16. Qxd3 Nd7 17. b4 Qc7 18. bxc5 Nxc5 19. Qd2 Qa5 20. Bd4 Nxe4 21. Nxe4 Qxd2 22. Nxd2 Bxd4 23. Rfe1 Bc3 24. Rbd1 Rb2 25. Nc4 Rb4 26. Nd2 Rd4 27. Nb3 Rxd5 28. Rxd5 Bxe1 29. Rd3 Bb4 30. Re3 Kf8 31. Re4 a5 32. Nd4 Rc8 33. Kh2 Rc1 34. Re2 Rc4 35. Nf3 d5 36. Ne5 Bd6 37. g3 Bxe5 38. Rxe5 e6 39. Kg2 Re4 40. Rxe4 dxe4 41. f3 exf3+ 42. Kxf3 Ke7 43. Ke4 Kd6 44. Kd4 e5+ 45. Ke4 f5+ 46. Kd3 Kc5 47. Kc3 g5 48. a3 f4 49. gxf4 gxf4 50. Kd3 Kb5 51. Ke4 Ka4 52. Kf3 Kxa3 53. h4 Kb2 54. h5 a4 55. h6 a3 56. Ke4 a2 57. Kf3 a1Q 58. Ke4 Qh1+ 59. Kxe5 Qxh6 60. Ke4 Qd6 61. Kf3 Qe5 62. Kf2 Qe4 63. Kf1 f3 64. Kf2 h5 65. Kg3 h4+ 66. Kf2 Qe2+ 67. Kg1 Qg2# 0-1

[Event "Wch U10 Girls"]
[Site "Batumi"]
[Date "2022.09.19"]
[Round "4"]
[White "Qian, Ashley"]
[Black "Zavivaeva, Kristina"]
[Result "0-1"]
[WhiteElo "1350"]
[BlackElo "1222"]
[PlyCount "66"]
[EventDate "2022.09.16"]
[EventType "swiss"]
[EventRounds "11"]
[EventCountry "GEO"]
[SourceTitle "EXT 2023"]
[Source "ChessBase"]
[SourceDate "2022.10.05"]
[SourceVersion "1"]
[SourceVersionDate "2022.10.05"]
[SourceQuality "1"]

1. e4 c5 2. Nf3 d6 3. d4 cxd4 4. Nxd4 Nf6 5. Nc3 a6 6. Be3 e5 7. Nb3 Be6 8. f3 Be7 9. Qd2 Nbd7 10. g4 b5 11. 0-0-0 Nb6 12. Kb1 Nc4 13. Bxc4 bxc4 14. Nc1 Rb8 15. b3 0-0 16. h4 cxb3 17. cxb3 a5 18. Ka1 Qc7 19. h5 Rfc8 20. N1e2 Nd7 21. Rc1 Qb7 22. g5 Nc5 23. Rhg1 Qa6 24. Nd5 Bxd5 25. exd5 a4 26. Bxc5 dxc5 27. bxa4 Qxa4 28. Rb1 c4 29. Nc3 Qa3 30. Qc1 Rxb1+ 31. Kxb1 Rb8+ 32. Kc2 Qc5 33. Qd2 Qxg1 0-1

[Event "EU-ch Hybrid U08 Girls"]
[Site "Tornelo INT"]
[Date "2021.10.15"]
[Round "5"]
[White "Barabash, Anastasiya Aleks"]
[Black "Zavivaeva, Kristina"]
[Result "1-0"]
[WhiteElo "1303"]
[BlackElo "1145"]
[PlyCount "85"]
[EventDate "2021.10.15"]
[EventType "swiss"]
[EventRounds "9"]
[EventCountry "NET"]
[SourceTitle "EXT 2023"]
[Source "ChessBase"]
[SourceDate "2022.10.05"]
[SourceVersion "1"]
[SourceVersionDate "2022.10.05"]
[SourceQuality "1"]
[WhiteTeam "Russia"]
[BlackTeam "Russia"]
[WhiteTeamCountry "RUS"]
[BlackTeamCountry "RUS"]

1. d4 d5 2. Bf4 Bf5 3. Nf3 e6 4. e3 Nf6 5. h3 Nbd7 6. Nbd2 Be7 7. Be2 0-0 8. 0-0 c5 9. c3 c4 10. Nh4 Bg6 11. Nxg6 hxg6 12. f3 b5 13. e4 Nb6 14. b3 Rc8 15. Rc1 a5 16. bxc4 Nxc4 17. Bxc4 bxc4 18. Rb1 Re8 19. Qa4 Nh5 20. Bh2 Bg5 21. f4 Be7 22. e5 g5 23. fxg5 Bxg5 24. Nf3 Be3+ 25. Kh1 g6 26. Rb5 Ra8 27. Rfb1 Qd7 28. Qc2 Qc7 29. Rb7 Qd8 30. a4 Re7 31. Qb2 Kg7 32. Rb8 Rxb8 33. Qxb8 Qxb8 34. Rxb8 Ra7 35. g3 Kh7 36. Kg2 Ng7 37. g4 Bc1 38. Bg3 Be3 39. Bh4 Bc1 40. Bg5 Bxg5 41. Nxg5+ Kh6 42. h4 Re7 43. Rh8# 1-0